00502 a2200133 4500001001000000005001700010008004100027245007300068100002200141700001900163700004900182773012000231999001700351ART_1571220260410161918.0260409a 10aLa perspectiva de la cadena de suministros en el abordaje de la RSE.1 aJugón, Mónica1 aPastor, Sandra1 aRodríguez de Ramírez, María del Carmen0 tDocumentos de trabajo de contabilidad, auditoría y responsabilidad socialg- Año 2, Nº 4 (dic. 2012)wREV14385 c27452d27452